Premier League Quiz - Statistics

General Stats
  • This quiz has been taken 15 times
  • The average score is 4 of 10
Answer Stats
Question Answer % Correct
Whch non-english player has scored the most Premier League goals? Thierry Henry
79%
Which player scored the first ever Premier League goal ? Brian Deane
71%
Which goalkeeper has kept the most clean sheets in the Premier League ? Petr Cech
50%
Which player has scored Premier League goals for a record 7 different clubs ? Craig Bellamy
43%
Which club suffered the largest home defeat in 1999 when they lost 8-1 to Manchester United ? Nottingham Forest
43%
Which player has created the most assists in Premier League history ? Ryan Giggs
43%
Who won the first Premier League Golden Boot ? Teddy Sheringham
29%
Who has scored the most Premier League goals for the same club ? Wayne Rooney
29%
Which club have lost the least amount of Premier League matches ? Brighton and Hove Albion
21%
Who is the youngest ever Premier League goalscorer James Vaughan
21%
No matching quizzes found
Score Distribution
Percent of People with Each Score
Percentile by Number Answered
Your Score History
You have not taken this quiz